| 000 | 02089nam a2200301 a 4500 | ||
|---|---|---|---|
| 008 | 120416s1989 xx |||||||||||||| || u | ||
| 020 | _a0728201445 | ||
| 050 | _aHD 1387 Ene | ||
| 100 | _aEnever, Nigel | ||
| 245 | 1 | 4 | _aThe valuation of property investments; (4th ed.) |
| 250 | _a4th ed. | ||
| 260 |
_a _bThe Bath Press _c1989 |
||
| 300 | _avii, 214p. : ill. | ||
| 350 | _a0.00 | ||
| 650 | _aREAL PROPERTY | ||
| 650 | _aINVESTMENTS | ||
| 650 | _aVALUATION OF PROPERTY | ||
| 995 |
_D0.00 _FCBU-MAIN LIBRARY (Kitwe) _H3 _I13.00 _M3 _UAVAILABLE _ZMain Library Open Access Collection |
||
| 995 |
_D0.00 _FCBU-MAIN LIBRARY (Kitwe) _H2 _I13.00 _M5 _UAVAILABLE _ZAnnex Low-Usage Collection |
||
| 995 |
_D0.00 _FCBU-MAIN LIBRARY (Kitwe) _H7 _I13.00 _M7 _ULOST _ZMain Library Open Access Collection |
||
| 995 |
_D0.00 _FCBU-SCHOOL TEXTBOOK COLLECTIONS _H1 _I0.00 _M8 _UAVAILABLE _WNov 13, 2008 _ZSchool Collections |
||
| 995 |
_D0.00 _FCBU-MAIN LIBRARY (Kitwe) _H1 _I13.00 _M1 _UAVAILABLE _ZAnnex Low-Usage Collection |
||
| 995 |
_D0.00 _FCBU-MAIN LIBRARY (Kitwe) _H5 _I13.00 _M2 _UAVAILABLE _ZMain Library Open Access Collection |
||
| 995 |
_D0.00 _FCBU-SCHOOL TEXTBOOK COLLECTIONS _H1 _I0.00 _M9 _UAVAILABLE _WNov 13, 2008 _ZSchool Collections |
||
| 995 |
_D0.00 _FCBU-SCHOOL TEXTBOOK COLLECTIONS _H1 _I0.00 _M10 _UAVAILABLE _WNov 13, 2008 _ZSchool Collections |
||
| 995 |
_D0.00 _FCBU-MAIN LIBRARY (Kitwe) _H6 _I13.00 _M6 _ULOST _VMar 11, 2013 _ZMain Library Open Access Collection |
||
| 995 |
_D0.00 _FCBU-MAIN LIBRARY (Kitwe) _H4 _I13.00 _M4 _UAVAILABLE _ZAnnex Low-Usage Collection |
||
| 999 |
_c78326 _d78326 |
||